| 000 | 00500nam a2200181Ia 4500 | ||
|---|---|---|---|
| 003 | GCL | ||
| 008 | 140319s9999 xx 000 0 ara d | ||
| 040 |
_aGCL / _cGCL |
||
| 082 | 0 | 4 |
_a001.94 _bر ت |
| 100 | 1 | _aراجى عنايت | |
| 245 | 1 | 0 |
_aتفسير الاحلام والتنجيم / _cراجى عنايت |
| 300 | _a120 ص | ||
| 490 |
_aاغرب من الخيال _v0 |
||
| 650 | 0 | 4 | _aالاحلام |
| 650 | 0 | 4 | _aالتنجيم |
| 650 | 0 | 4 | _aالاحلام - تفسير |
| 942 |
_2ddc _cBK |
||
| 999 |
_c46085 _d46085 |
||